| 000 | 01639nam a2200325Ia 4500 | ||
|---|---|---|---|
| 001 | ebr10114222 | ||
| 003 | CaPaEBR | ||
| 006 | m u | ||
| 007 | cr cn||||||||| | ||
| 008 | 050208s2005 inua s 001 0 eng d | ||
| 010 | _z 2005003530 | ||
| 020 | _z0764584456 (pbk.) | ||
| 040 |
_aCaPaEBR _cCaPaEBR |
||
| 035 | _a(OCoLC)58651738 | ||
| 050 | 1 | 4 |
_aTK5105.88813 _b.G67 2005eb |
| 082 | 0 | 4 |
_a006.76 _222 |
| 100 | 1 | _aGosnell, Denise. | |
| 245 | 1 | 0 |
_aProfessional Web APIs _h[electronic resource] : _bGoogle, eBay, Amazon.com, MapPoint, FedEx / _cDenise Gosnell. |
| 246 | 1 | 4 | _aProfessional development with Web APIs |
| 260 |
_aIndianapolis, Ind. ; _a[Great Britain] : _bWiley, _cc2005. |
||
| 300 |
_axxvi, 298 p. : _bill. |
||
| 500 | _aIncludes index. | ||
| 505 | 0 | _aAnatomy of a Web API -- Using the Google API -- Using the MapPoint API -- Using the Amazon.com APIs -- Using the eBay APIs -- Using the PayPal APIs -- Other Web APIs -- Calling XML Web APIs from mobile devices -- Calling Web APIs from Microsoft Office -- Creating your own Web APIs -- Case study 1, Customer relations management application -- Case study 2, Executive dashboard application. | |
| 533 |
_aElectronic reproduction. _bPalo Alto, Calif. : _cebrary, _d2009. _nAvailable via World Wide Web. _nAccess may be limited to ebrary affiliated libraries. |
||
| 650 | 0 | _aWeb services. | |
| 650 | 0 | _aApplication program interfaces (Computer software) | |
| 655 | 7 |
_aElectronic books. _2local |
|
| 710 | 2 | _aebrary, Inc. | |
| 856 | 4 | 0 |
_uhttp://site.ebrary.com/lib/rucke/Doc?id=10114222 _zAn electronic book accessible through the World Wide Web; click to view |
| 999 |
_c209912 _d209912 |
||